000 00492nam a22001697a 4500
003 CEME
005 20210628201632.0
008 210212b xxu||||| |||| 00| 0 eng d
040 _c.
082 _a621.32 AIJ
100 _aAijaz Ahmed
_956110
245 _aLighting design
260 _aPAKISTAN
_bAES PUBLISHER
_c1998
300 _aVII,200P
650 _aELECTRIC LIGHTING DAYLIGHTING ELECTRICITY GENERATION WIND POWER SOLAR ELECTRICITY LIGHTING CONTROL SYSTEM
_956111
942 _cBK
_2ddc
999 _c566633
_d566633